000 00608nam a2200265Ia 4500
005 20260306163851.0
008 008 260114s9999 xx 000 0 eng d
020 _a9780748671182
037 _aEBOOK
040 _aCRL
040 _beng
040 _cCRL
041 _2eng
041 _aeng
084 _qCRL
100 _aRedhead
_9886840
245 4 _aThe Jean Baudrillard Reader
260 _bEdinburgh University Press
260 _c2012
650 _aSocial Work
856 _uhttps://academic.oup.com/book/19893
942 _cEBOOK
999 _c1711804
_d1711804